<?xml version="1.0" encoding="UTF-8"?><?xml-stylesheet type="text/xsl" href="static/style.xsl"?><OAI-PMH xmlns="http://www.openarchives.org/OAI/2.0/" xmlns:xsi="http://www.w3.org/2001/XMLSchema-instance" xsi:schemaLocation="http://www.openarchives.org/OAI/2.0/ http://www.openarchives.org/OAI/2.0/OAI-PMH.xsd"><responseDate>2026-06-30T01:25:07Z</responseDate><request verb="GetRecord" identifier="oai:docta.ucm.es:20.500.14352/60545" metadataPrefix="marc">https://docta.ucm.es/rest/oai/request</request><GetRecord><record><header><identifier>oai:docta.ucm.es:20.500.14352/60545</identifier><datestamp>2024-07-22T18:15:35Z</datestamp><setSpec>com_20.500.14352_14</setSpec><setSpec>col_20.500.14352_21</setSpec></header><metadata><record xmlns="http://www.loc.gov/MARC21/slim" xmlns:dcterms="http://purl.org/dc/terms/" xmlns:xsi="http://www.w3.org/2001/XMLSchema-instance" xmlns:doc="http://www.lyncode.com/xoai" xsi:schemaLocation="http://www.loc.gov/MARC21/slim http://www.loc.gov/standards/marcxml/schema/MARC21slim.xsd">
   <leader>00925njm 22002777a 4500</leader>
   <datafield ind2=" " ind1=" " tag="042">
      <subfield code="a">dc</subfield>
   </datafield>
   <datafield ind2=" " ind1=" " tag="720">
      <subfield code="a">López De Andrés, María Sol</subfield>
      <subfield code="e">author</subfield>
   </datafield>
   <datafield ind2=" " ind1=" " tag="720">
      <subfield code="a">Marcos Pascual, Celia</subfield>
      <subfield code="e">author</subfield>
   </datafield>
   <datafield ind2=" " ind1=" " tag="720">
      <subfield code="a">Cocaño Blanco, Susana</subfield>
      <subfield code="e">author</subfield>
   </datafield>
   <datafield ind2=" " ind1=" " tag="720">
      <subfield code="a">García Martínez, O.</subfield>
      <subfield code="e">author</subfield>
   </datafield>
   <datafield ind2=" " ind1=" " tag="720">
      <subfield code="a">Prieto Rubio, Manuel</subfield>
      <subfield code="e">author</subfield>
   </datafield>
   <datafield ind2=" " ind1=" " tag="260">
      <subfield code="c">1996</subfield>
   </datafield>
   <datafield ind2=" " ind1=" " tag="520">
      <subfield code="a">Although it is known that unlimited solid solution exists for the high
temperature polymorphs Na2S04 (1)and α-Na2C03 , the phase relationships and the
variation of crystallographic parameters for different compositions are not studied.
Na2S04 has four well established modifications, but only the high temperature
modification Na2S04 (1) (Pб3/mmc), stable above 237°C, forms extended solid
solution series with Na2C03. At the other extreme, Na2C03 shows three polymorphs
and a rather complicated transition behaviour, being the hexagonal phase α-Na2C03
(Pб3/mmc)stable at T > 489°C.
In this paper, the crystallographic parameters were determined at 550°C for
different solid solution compositions. The study was carried out by X ray diffraction in
a high temperature powder camera. The diffraction patterns show a continuous
evolution through the entire compositional range. Crystalline spacings and cell
parameters decrease as the sulphate content decreases. This fact and the unusual
unlimited S04=-C03= substitution can be explained by the orientational disorder of
tetrahedral and triangular groups. Theoretical powder diffraction diagrams, calculated
assuming this orientational and substitutional disorder, show a good fit with the
experimentalresults.</subfield>
   </datafield>
   <datafield ind1="8" ind2=" " tag="024">
      <subfield code="a">8460552705</subfield>
   </datafield>
   <datafield ind1="8" ind2=" " tag="024">
      <subfield code="a">https://hdl.handle.net/20.500.14352/60545</subfield>
   </datafield>
   <datafield ind2="0" ind1="0" tag="245">
      <subfield code="a">Caracterización de la solución sólida Na2(C03,S04) A 550°C</subfield>
   </datafield>
</record></metadata></record></GetRecord></OAI-PMH>